• 首页
  • 本馆介绍
  • 公告通知
  • 最新文献
  • 馆藏检索
  • 电子资源
  • 读者导购
  • 参考咨询
  • 我的图书馆
  • 登录
  • 详细信息显示
  • 放入我的书架
  • 预约/预借图书
  • 作者相关作品
  • 分类相关作品
  • 丛书相关作品
  • 出版社相关作品

书目信息

  • 表格格式
  • 工作单格式
  • 卡片格式
题名:
中国少数民族民间舞蹈表演技巧探析
    
 
作者: 杜娟 著
分册:  
出版信息: 北京   中国书籍出版社  2018
页数: 285页
开本: 24cm
丛书名: 高校学术文库
单 册:
中图分类: J722.2
科图分类:
主题词: 民族舞蹈--研究--中国 , 民间舞蹈--研究--中国
电子资源:
ISBN: 978-7-5068-5450-4
000 01342oam2 2200265 450
001 3684
005 20180527174836.95
010    @a978-7-5068-5450-4@dCNY54.50
100    @a20180315d2018 em y0chiy50 ea
101 0  @achi
102    @aCN@b110000
105    @aa z 000yy
200 1  @a中国少数民族民间舞蹈表演技巧探析@9zhong guo shao shu min zu min jian wu dao biao yan ji qiao tan xi@f杜娟著
210    @a北京@c中国书籍出版社@d2018
215    @a285页@c图@d24cm
225 1  @a高校学术文库@i艺术研究论著丛刊
330    @a本书立足于民间舞蹈,试图从多民族、多角度出发,系统论述中国少数民族的民间舞蹈表演。首先为绪论,在宏观上界定和分析了中国民族民间舞蹈的概念、内容、特征以及中国少数民族民间舞蹈的流布;然后对蒙古族、维吾尔族、藏族、朝鲜族、傣族民族舞蹈的表演技巧以及其他少数民族民间舞蹈的表演技巧,分别从民族概况与特征、民族文化因素、民间舞蹈的基本动作以及徒手类和道具类舞蹈这几个方面出发进行探讨,内容详尽、细致。本书层次鲜明、结构清晰,详略得当,在撰写过程中,突出学术性和趣味性,并将理论与实践紧密结合,使少数民族民间舞蹈表演的研究有的放矢,是一本值得学习研究的著作。
461  0 @12001 @a高校学术文库
462  0 @12001 @a艺术研究论著丛刊
606 0  @a民族舞蹈@x研究@y中国
606 0  @a民间舞蹈@x研究@y中国
690    @aJ722.2@v5
701  0 @a杜娟@9du juan@4著
801  0 @aCN@b91MARC@c20180315
905    @aMuseLib@dJ722.2@e181
    
    中国少数民族民间舞蹈表演技巧探析/杜娟著.-北京:中国书籍出版社,2018
    285页:图;24cm.-(高校学术文库.艺术研究论著丛刊)
    
    
    ISBN 978-7-5068-5450-4:CNY54.50
    本书立足于民间舞蹈,试图从多民族、多角度出发,系统论述中国少数民族的民间舞蹈表演。首先为绪论,在宏观上界定和分析了中国民族民间舞蹈的概念、内容、特征以及中国少数民族民间舞蹈的流布;然后对蒙古族、维吾尔族、藏族、朝鲜族、傣族民族舞蹈的表演技巧以及其他少数民族民间舞蹈的表演技巧,分别从民族概况与特征、民族文化因素、民间舞蹈的基本动作以及徒手类和道具类舞蹈这几个方面出发进行探讨,内容详尽、细致。本书层次鲜明、结构清晰,详略得当,在撰写过程中,突出学术性和趣味性,并将理论与实践紧密结合,使少数民族民间舞蹈表演的研究有的放矢,是一本值得学习研究的著作。
●
相关链接 在E读中查询图书 在五车中查询图书 在当当中查询图书 在豆瓣中查询图书


正题名:中国少数民族民间舞蹈表演技巧探析     索取号:J722.2/181         预约/预借

序号 登录号 条形码 馆藏地/架位号 状态 备注
1 1110204   211102046   第一样本阅览室/ [索取号:J722.2/181] 在馆    
2 1110205   211102055   教育系资料室/ [索取号:J722.2/181] 在馆    
3 1110206   211102064   教育系资料室/ [索取号:J722.2/181] 在馆    
4 1110207   211102073   第一借阅区/ [索取号:J722.2/181] 在馆    
唐山师范学院图书馆 欢迎您!
大连网信软件有限公司© 版权所有